00359nam a2200145Ia 4500008004100000020001500041082001500056100001600071245003900087250000800126260002500134300001300159500002500172650001600197230524s9999 xx 000 0 und d a8120307860 a4.133bRAJ aV.Rajaraman 0aComputer Oriented Numrical Methods a3RD aNEW DELHIbPHIc1999 aVII;1960 aQuantity Number: 22 aMathematics